000
00332nam a2200145Ia 4500
008
230917s9999||||xx |||||||||||||| ||und||
040
_e
133234
_a
MAIN
041
_a
English
082
_a
537 G767E
100
_a
Grant, I S
245
0
_a
Electronic magnetism
260
_a
London
_b
Oonn W
_c
1975
300
_a
506 p.
942
_c
BK
999
_c
188560
_d
188560